Personnel management manual

Bibliographic Details
Main Author: Khoo Kheng-Hor
Other Authors: Yap Boon Huan
Format: Book
Published: Petaling Jaya : Pelanduk Publcations(M) Sdn Bhd , 1993
Subjects:

MARC

LEADER 00000cam a2200000 7i4500
001 0000003858
002 000004157
005 20000727.0
020 |a 9679784061 
090 0 0 |a 658.3   |b KHO 
100 0 |a Khoo Kheng-Hor 
245 1 0 |a Personnel management manual   |c Khoo Kheng-Hor and Yap Boon Huan 
260 |a Petaling Jaya :   |b Pelanduk Publcations(M) Sdn Bhd ,   |c 1993 
300 |a 161p. ;   |c 22cm. 
650 0 0 |a Personnel management 
700 0 |a Yap Boon Huan 
999 |a 00069794   |b BUKU   |c PINJAMAN   |e PERPUSTAKAAN KOMUNITI PETALING JAYA 
999 |a 085184   |b BUKU   |c PINJAMAN   |e PERPUSTAKAAN KOMUNITI PETALING JAYA